Statistics for NBA All-Time Lineup

Click here to take the quiz!

General Stats

  • This quiz has been taken 73 times
    (57 since last reset)
  • The average score is 11 of 13

Answer Stats

Position Answer % Correct
SFJames
97%
PGJohnson
97%
SGJordan
95%
SGBryant
89%
CRussell
89%
PGStockton
87%
PFDuncan
87%
SFBird
84%
PGRobertson
79%
CAbdul-Jabbar
79%
CoachJackson
79%
SGWest
74%
PFGarnett
66%

Score Distribution

Percentile by Number Answered

Percent of People with Each Score

Your Score History

You have not taken this quiz since the last reset